000 00656cam a2200217 4500
001 WB3616-75
008 000000n2000 000 0 eng u
035 _a(Sirsi) u105488
245 _aEstate agents who bat and bowl
260 _c2000
490 _aTimes
_v 15 April 2000, W12(1)
520 _aDiscusses the emergence of the 'buying agent' and the potential conflicts of interest for offices also acting as selling agent.
590 _aWB
650 _aBUYING AGENTS
650 _aESTATE AGENTS
650 _aSELLING AGENTS
650 _aRESIDENTIAL AGENTS
650 _aCONFLICTS OF INTEREST
690 _aSURVEYING SERVICES
942 _n0
999 _c63201
_d63201